[Event "Siebenlehn op 12th"]
[Site "Siebenlehn"]
[Date "2011.12.28"]
[Round "3"]
[White "Ivanov, Michail Petrovich"]
[Black "Schaefer, Kay"]
[Result "1-0"]
[WhiteElo "2389"]
[BlackElo "1877"]
[PlyCount "53"]
[EventDate "2011.12.27"]
[EventType "swiss"]
[EventRounds "7"]
[EventCountry "GER"]
[SourceTitle "EXT 2013"]
[Source "ChessBase"]
[SourceDate "2012.11.22"]
[SourceVersion "1"]
[SourceVersionDate "2012.11.22"]
[SourceQuality "1"]

1. d4 f5 2. g3 Nf6 3. Bg2 e6 4. Nh3 Be7 5. 0-0 0-0 6. c4 d6 7. Nc3 Nc6 8. d5 exd5 9. cxd5 Ne5 10. Nf4 Qe8 11. Qb3 a6 12. h3 Ng6 13. e3 Nxf4 14. exf4 Nd7 15. Be3 Kh8 16. Rfe1 Qd8 17. a4 Nc5 18. Qc2 b6 19. b4 Nb7 20. Rac1 Bd7 21. Ne2 Rc8 22. Nd4 a5 23. Nc6 Qe8 24. Bd4 Rf7 25. Qe2 Bxc6 26. dxc6 Nd8 27. Bd5 1-0